000 01016nam a2200229Ia 4500
001 L235-7288
003 IT-CnALBA
008 170116s9999||||xx |||||||||||||| ||und||
040 _aIT-CnALBA
_cIT-CnALBA
041 _aITALIANO
100 _aBERNARD R., OP.
245 0 _aIL MISTERO DI MARIA.
250 _a1a ed.
260 _aMILANO
_bVITA E PENSIERO. SOCIETÀ EDITRICE
_c1954 [1° Ed.:1954]
300 _a332 p. (prefazione: 15)
500 _aTRADUZIONE DAL FRANCESE DI G. LANZA E A.M. MARTINELLI. ORIGINI DEL MISTERO. IMMACOLATA. ANNUNCIAZIONE. ADDOLORATA. ASSUNTA IN CIELO. INTERCESSIONE E PATROCINIO. REGINA.
501 _aSocietà San Paolo EM - Piazza San Paolo, 14 - 12051 ALBA (CN) (non commercial uses only) ® Copyright 2017
520 _aTRADUZIONE DAL FRANCESE DI G. LANZA E A.M. MARTINELLI. ORIGINI DEL MISTERO. IMMACOLATA. ANNUNCIAZIONE. ADDOLORATA. ASSUNTA IN CIELO. INTERCESSIONE E PATROCINIO. REGINA.
650 _aMARIA SS. ANGELI SANTI DEMONI
942 _cBK
957 _71
999 _a8264
_bNO
_g Copie: 1
_c266470
_d266470